Normal view
MARC view
- NS RAZA SOHAIL NS HAMMAD WALI SHAH NS HAMZA TARIQ PROJECT SUPERVISOR Dr. Ali Hassan NS RAZA SOHAIL NS HAMMAD WALI SHAH NS HAMZA TARIQ
Entry Personal Name
001 - CONTROL NUMBER
- control field: 70624
003 - CONTROL NUMBER IDENTIFIER
- control field: NUST
005 - DATE AND TIME OF LATEST TRANSACTION
- control field: 20210628204528.0
008 - FIXED-LENGTH DATA ELEMENTS
- fixed length control field: 210628|| aca||aabn | a|a d
040 ## - CATALOGING SOURCE
- Original cataloging agency: NUST
- Transcribing agency: NUST
100 ## - HEADING--PERSONAL NAME
- Personal name: NS RAZA SOHAIL NS HAMMAD WALI SHAH NS HAMZA TARIQ PROJECT SUPERVISOR Dr. Ali Hassan NS RAZA SOHAIL NS HAMMAD WALI SHAH NS HAMZA TARIQ
670 ## - SOURCE DATA FOUND
- Source citation: Work cat.: (NUST): NS RAZA SOHAIL NS HAMMAD WALI SHAH NS HAMZA TARIQ PROJECT SUPERVISOR Dr. Ali Hassan NS RAZA SOHAIL NS HAMMAD WALI SHAH NS HAMZA TARIQ , PR-SOF-1833-The Elderly Buddy, 2019
